000 00763nam a2200253 i 4500
001 bg
100 1 _aBorghesi, Silvia.
245 0 _aCézanne /
_c[tekst Silvia Borghesi ; tł. Anna Nermin Germeyan].
260 _aWarszawa :
_bRzeczpospolita ;
_bHPS,
_c2006.
300 _a142, [1] s. :
_bil. ;
_c26 cm.
490 1 _aKlasycy Sztuki ;
_v2
600 0 _aCézanne, Paul
_d(1839-1906)
_xtwórczość
650 0 _aMalarstwo francuskie
_xhistoria
_y19-20 w.
700 1 9 _aGermeyan, Anna.
_eTł.
830 _aKlasycy Sztuki ;
020 _a9788360529010
020 _a8360529019
040 _cBPK
041 1 _apol
_hita
080 _a75.071(44)"19/20"(084.11)A/Z
920 _a978-83-60529-01-0
942 _cKS
008 s pl f |000 0 pol
999 _c53722
_d53722
856 _uhttp://koha.tu.koszalin.pl/cgi-bin/koha/opac-detail.pl?biblionumber=53722
_yKatalog online BPK